|
|
|
|
| LEADER |
01997nam a2200361 i 4500 |
| 001 |
44987 |
| 003 |
BD-DhAAL |
| 005 |
20251027124942.0 |
| 008 |
251027t2018 nju b 001 0 eng d |
| 010 |
|
|
|a 2016058001
|
| 020 |
|
|
|a 9781119151746
|
| 020 |
|
|
|a 9781119151760 (ePub)
|
| 035 |
|
|
|a 19410335
|
| 040 |
|
|
|a DLC
|b eng
|c DLC
|e rda
|d DLC
|d BD-DhAAL
|
| 042 |
|
|
|a pcc
|
| 050 |
0 |
0 |
|a GN486
|b .D43 2018
|
| 082 |
0 |
0 |
|a 393
|2 23
|
| 245 |
0 |
0 |
|a Death, mourning, and burial :
|b a cross-cultural reader /
|c edited by Antonius C.G.M. Robben.
|
| 246 |
3 |
8 |
|a Death, mourning, and burial
|
| 250 |
|
|
|a Second edition.
|
| 260 |
|
|
|a Hoboken, NJ :
|b Wiley Blackwell,
|c 2018.
|
| 300 |
|
|
|a x, 351 pages ;
|c 25 cm
|
| 504 |
|
|
|a Includes bibliographical references and index.
|
| 526 |
|
|
|a ESS
|x Nazia Binte Mahmud
Lecturer
Department of Economics and Social Sciences
BRAC University
Course Name and No.: Anthropology of Death (ANT 312)
|
| 541 |
|
|
|a R K Corporation
|e 44987, 44988
|
| 650 |
|
0 |
|a Funeral rites and ceremonies
|v Cross-cultural studies.
|9 59745
|
| 650 |
|
0 |
|a Social sciences.
|
| 700 |
1 |
|
|a Robben, Antonius C. G. M.,
|e editor.
|9 59746
|
| 852 |
|
|
|a Ayesha Abed Library
|c General Stacks
|
| 942 |
|
|
|2 ddc
|c BK
|
| 999 |
|
|
|c 47558
|d 47558
|
| 952 |
|
|
|0 0
|1 0
|2 ddc
|4 0
|6 393_000000000000000_DEA
|7 0
|9 78399
|a BRACUL
|b BRACUL
|c NEW
|d 2025-10-26
|e R K Corporation
|g 8070.00
|l 1
|m 22
|o 393 DEA
|p 3010044987
|q 2026-06-02
|r 2025-12-14
|s 2025-12-14
|t 1
|v 16140.00
|w 2025-10-26
|y BK
|x Requisitioned by Nazia Binte Mahmud (Lecturer, Department of Economics and Social Sciences, BRAC University) for the course named- ‘’Anthropology of Death (ANT 312)’’
|
| 952 |
|
|
|0 0
|1 0
|2 ddc
|4 0
|6 393_000000000000000_DEA
|7 0
|9 78400
|a BRACUL
|b BRACUL
|c GEN
|d 2025-10-26
|e R K Corporation
|g 8070.00
|l 1
|o 393 DEA
|p 3010044988
|q 2026-05-21
|r 2026-02-24
|s 2026-02-24
|t 2
|v 16140.00
|w 2025-10-26
|y BK
|x Requisitioned by Nazia Binte Mahmud (Lecturer, Department of Economics and Social Sciences, BRAC University) for the course named- ‘’Anthropology of Death (ANT 312)’’
|